[Event "Caioba op-B 8th"]
[Site "Caioba"]
[Date "2024.06.28"]
[Round "1"]
[White "Rodriguez, Paulo H Gatterman R"]
[Black "De Oliveira, Ana Julia"]
[Result "0-1"]
[WhiteElo "1800"]
[BlackElo "1777"]
[PlyCount "26"]
[EventDate "2024.06.28"]
[EventType "swiss"]
[EventRounds "5"]
[EventCountry "BRA"]
[SourceTitle "EXT 2025"]
[Source "ChessBase"]
[SourceDate "2024.10.14"]
[SourceVersion "1"]
[SourceVersionDate "2024.10.14"]
[SourceQuality "1"]

1. e4 c5 2. Nf3 g6 3. Bc4 Bg7 4. Ng5 e6 5. Nc3 Qxg5 6. 0-0 Nf6 7. d3 Qh4 8. h3 a6 9. a4 h5 10. e5 Ng4 11. hxg4 hxg4 12. f3 g3 13. Be3 Qh1# 0-1